000 00702cab a2200217 4500
001 WB3228-21
008 090401t1996 xxu||||| |||| 00| 0 eng d
035 _a(Sirsi) u56420
041 _aeng
245 _aPFI and public spending
260 _c1996
350 _a0
490 _aFinancial Times
_v16 July 1996, 18(2)
520 _aPresents both the possible benefits and the possible drawbacks of the PFI in a balanced discussion, focusing on the reduction of public-sector capital spending.
650 _aCAPITAL SPENDING
650 _aPRIVATE FINANCE INITIATIVE
650 _aPUBLIC INVESTMENT
690 _aPROPERTY-PROPERTY FINANCE AND INVESTMENT
942 _n0
948 _c04/03/1997
999 _c34405
_d34405